Aerosmith - Crazy - Lyrics - Statistics

General Stats
  • This quiz has been taken 102 times
  • The average score is 227 of 312
Answer Stats
Answer % Correct
You
100%
you
100%
crazy
99%
crazy,
99%
Crazy,
99%
go
96%
go,
96%
me
96%
me?
96%
I
95%
a
93%
the
93%
The
93%
your
89%
baby
88%
do,
88%
on
86%
on,
86%
to
85%
for
82%
And
81%
and
81%
that
81%
That
81%
you're
79%
You're
79%
it
78%
It
78%
Then
78%
then
78%
yeah
78%
Yeah
78%
yeah!
78%
hear
77%
know
77%
up
77%
drive
75%
love
74%
love,
74%
turn
74%
What
74%
can
73%
like
71%
make
70%
be
68%
feel
68%
got
67%
so
67%
my
66%
way
66%
gone
64%
Hollywood
64%
I'm
63%
mind
63%
mind,
63%
time
63%
all
62%
loving
62%
loving,
62%
man
62%
it's
60%
blue
59%
Girl,
59%
girl
59%
honey?
59%
honey
59%
Come
58%
Say
58%
than
58%
Than
58%
color
56%
good
56%
here
56%
wall
55%
down
53%
over
53%
going
52%
kinda
52%
making
52%
cause
51%
nothing
51%
out
51%
right
51%
train
51%
we're
51%
his
49%
pull
49%
wanna
49%
never,
48%
never
48%
ain't
47%
grave
47%
leaving
47%
makes
47%
bad
45%
been
45%
But
45%
change
45%
heading
45%
losing
45%
Seems
45%
seems
45%
seven
45%
underneath
45%
more
44%
Now
44%
ways
44%
wearing
44%
coat
42%
feeling
42%
gonna
42%
looks
42%
sends
42%
something
42%
thirty
42%
times
42%
always
41%
giving
41%
many
41%
tricks
41%
need
40%
slave
40%
turns
40%
other
38%
line
37%
nasty
37%
show,
37%
stuff
36%
tell
36%
packing
33%
shade,
33%
gets
32%
same
32%
tough
19%
trying
18%
talking
16%
No matching quizzes found
Score Distribution
Percent of People with Each Score
Percentile by Number Answered
Your Score History
You have not taken this quiz